Lonely Planet guide to experimental travel / (Record no. 288545)
[ view plain ]
| 000 -LEADER | |
|---|---|
| fixed length control field | 00922cam a22002897a 4500 |
| 001 - CONTROL NUMBER | |
| control field | 14153338 |
| 003 - CONTROL NUMBER IDENTIFIER | |
| control field | PILC |
| 005 - DATE AND TIME OF LATEST TRANSACTION | |
| control field | 20150827151729.0 |
| 008 - FIXED-LENGTH DATA ELEMENTS--GENERAL INFORMATION | |
| fixed length control field | 051025s2005 at a e 000 0 eng d |
| 010 ## - LIBRARY OF CONGRESS CONTROL NUMBER | |
| LC control number | 2005296498 |
| 020 ## - INTERNATIONAL STANDARD BOOK NUMBER | |
| International Standard Book Number | 1741044502 (pbk.) |
| 035 ## - SYSTEM CONTROL NUMBER | |
| System control number | (OCoLC)ocm61207155 |
| 040 ## - CATALOGING SOURCE | |
| Original cataloging agency | TAW |
| Transcribing agency | TAW |
| Modifying agency | DLC |
| 042 ## - AUTHENTICATION CODE | |
| Authentication code | lccopycat |
| 050 00 - LIBRARY OF CONGRESS CALL NUMBER | |
| Classification number | G 153.4 |
| Item number | .A585 2005 |
| 082 04 - DEWEY DECIMAL CLASSIFICATION NUMBER | |
| Classification number | 910.202 |
| 100 1# - MAIN ENTRY--PERSONAL NAME | |
| Personal name | Antony, Rachael. |
| 245 10 - TITLE STATEMENT | |
| Title | Lonely Planet guide to experimental travel / |
| Statement of responsibility, etc | Rachael Antony and Joel Henry. |
| 246 3# - VARYING FORM OF TITLE | |
| Title proper/short title | Guide to experimental travel |
| 260 ## - PUBLICATION, DISTRIBUTION, ETC. (IMPRINT) | |
| Place of publication, distribution, etc | Melbourne ; |
| -- | Oakland : |
| Name of publisher, distributor, etc | Lonely Planet, |
| Date of publication, distribution, etc | 2005. |
| 300 ## - PHYSICAL DESCRIPTION | |
| Extent | 276 pages : |
| Other physical details | illustrations (some color) ; |
| Dimensions | 20 cm. |
| 650 #0 - SUBJECT ADDED ENTRY--TOPICAL TERM | |
| Topical term or geographic name as entry element | Travel |
| Form subdivision | Guidebooks. |
| 700 1# - ADDED ENTRY--PERSONAL NAME | |
| Personal name | Henry, Joel. |
| 906 ## - LOCAL DATA ELEMENT F, LDF (RLIN) | |
| a | 7 |
| b | cbc |
| c | copycat |
| d | 2 |
| e | ncip |
| f | 20 |
| g | y-gencatlg |
| 942 ## - ADDED ENTRY ELEMENTS (KOHA) | |
| Source of classification or shelving scheme | Library of Congress Classification |
| Koha item type | Books |
| Withdrawn status | Lost status | Source of classification or shelving scheme | Damaged status | Home library | Current library | Shelving location | Date acquired | Source of acquisition | Sub Shelving location | Total Checkouts | Full call number | Barcode | Date last seen | Price effective from | Koha item type |
|---|---|---|---|---|---|---|---|---|---|---|---|---|---|---|---|
| Library of Congress Classification | College Library | College Library | General Circulation Section | 08/27/2015 | Donation | G 153.4 .A585 2005 | C19852 | 05/15/2018 | 08/27/2015 | Books |